Statistics for Common Makeup Brands

Click here to take the quiz!

General Stats

  • This quiz has been taken 395 times
  • The average score is 9 of 20

Answer Stats

HintAnswer% Correct
MMac
71%
LL'oreal
69%
MMaybelline
69%
UUrban Decay
59%
SSephora
51%
BBenefit
49%
TToo Faced
49%
NNars
47%
TTarte
47%
CChanel
45%
DDior
42%
RRevlon
41%
EElf
38%
RRimmel
38%
LLancome
36%
CCovergirl
31%
CClinique
30%
BBobbi Brown
23%
SSmashbox
23%
TTom Ford
9%

Score Distribution

Percentile by Number Answered

Percent of People with Each Score

Your Score History

You have not taken this quiz